| 000 | 00529nam a22001937a 4500 | ||
|---|---|---|---|
| 003 | OSt | ||
| 005 | 20140310182323.0 | ||
| 008 | 130920t xxu||||| |||| 00| 0 eng d | ||
| 020 | _a0749613041 | ||
| 050 |
_aTT 212 _b.R63 1993 |
||
| 082 |
_aGS 745.5942 _bR576 1993 |
||
| 100 |
_aRobson, Denny _921200 |
||
| 245 |
_aJewellery / _cRobson, Denny |
||
| 260 |
_aLondon : _bAladdin Books, _c1993. |
||
| 300 |
_a32 p. : _bcol. ill. ; _c23 cm. |
||
| 650 |
_aDecoration and ornament _912878 |
||
| 942 |
_2lcc _cBK-GS |
||
| 999 |
_c11857 _d11857 |
||